Sports Quiz

Random Sports or Football Quiz

Champions League winner? Yes or No. Part II Quiz Stats

 Plays Quiz not verified by Sporcle

Score 0/16 Timer 07:00
0 Plays Today
% Correct
Ronaldinho
96.4%
Raúl
94.9%
Franck Ribéry
93.5%
Jamie Carragher
92.8%
Alessandro Del Piero
89.1%
Denis Irwin
88.4%
Matthias Sammer
85.5%
Paulo Ferreira
84.8%
% Correct
Owen Hargreaves
84.1%
Park Ji-Sung
84.1%
Mario Gómez
79%
Alen Bokšić
76.1%
Nicolas Anelka
75.4%
Abedi Pele
63.8%
Sávio
61.6%
Mario Ielpo
23.9%

You're not logged in!

Compare scores with friends on all Sporcle quizzes.
Join for Free
OR
Log In

You Might Also Like...

Show Comments

Extras

Top Quizzes Today


Score Distribution

Your Account Isn't Verified!

In order to create a playlist on Sporcle, you need to verify the email address you used during registration. Go to your Sporcle Settings to finish the process.

Report this User

Report this user for behavior that violates our Community Guidelines.

Details: